000 00781nam a2200313 a 4500
003 AR-BaBNM
005 20251128202742.0
008 082120s2002 ||||||||||||||000 | spa||
040 _cAR-BaBNM
100 1 _aGrousset, René
245 0 0 _aHistoria de Asia
250 _a2ª ed.
260 _aBuenos Aires
_bEudeba
_c1965
300 _a124 p.
_bmapas
490 0 _aBiblioteca Asia y Africa
504 _aContiene bibliografía para consultar p. 115-122
650 4 _aGEOGRAFIA HUMANA
650 4 _aISLAM
650 4 _aECONOMIA
650 4 _aSOCIEDAD
650 4 _aCIENCIAS POLITICAS
650 4 _aCIVILIZACIONES ANTIGUAS
651 4 _aJapón
651 4 _aIrán
651 4 _aChina
700 1 _aBouilly, Víctor
_etraductor
942 _cBK
998 _cmariana
999 _c405
_d405